000 00465nam a2200193Ia 4500
005 20250508152859.0
008 008 250505s9999 xx 000 0 eng d
020 _a81-297-0013-1
037 _aTextual
040 _aFEDL
_beng
_cFEDL
041 _aeng
_2eng
084 _a750, KAN
_qFEDL
100 _aBrion Marcel
_9204785
245 0 _aKandinsky
260 _c1961
300 _a94p.
942 _cTEXL
_h750, KAN
999 _c1339373
_d1339373